<?xml version="1.0" encoding="UTF-8"?>
<record
    xmlns:xsi="http://www.w3.org/2001/XMLSchema-instance"
    xsi:schemaLocation="http://www.loc.gov/MARC21/slim http://www.loc.gov/standards/marcxml/schema/MARC21slim.xsd"
    xmlns="http://www.loc.gov/MARC21/slim">

  <leader>02833cam a2200445 i 4500</leader>
  <controlfield tag="003">SA-RiAUC</controlfield>
  <controlfield tag="005">20250318124046.0</controlfield>
  <controlfield tag="008">250316s2012    su h   g b   f001r0 ara c</controlfield>
  <datafield tag="020" ind1=" " ind2=" ">
    <subfield code="a">9786038002674</subfield>
  </datafield>
  <datafield tag="024" ind1="0" ind2=" ">
    <subfield code="a">00000000358333</subfield>
  </datafield>
  <datafield tag="040" ind1=" " ind2=" ">
    <subfield code="a">SA-RiSU</subfield>
    <subfield code="b">ara</subfield>
    <subfield code="c">SA-RiAUC</subfield>
    <subfield code="d">KAC</subfield>
    <subfield code="e">rda</subfield>
  </datafield>
  <datafield tag="043" ind1=" " ind2=" ">
    <subfield code="a">a-su---</subfield>
  </datafield>
  <datafield tag="082" ind1="0" ind2="4">
    <subfield code="a">929.709531</subfield>
    <subfield code="q">SA-RiAUC</subfield>
  </datafield>
  <datafield tag="090" ind1=" " ind2=" ">
    <subfield code="a">929.709531</subfield>
    <subfield code="b">&#x62D; &#x631; &#x628;</subfield>
  </datafield>
  <datafield tag="100" ind1="1" ind2=" ">
    <subfield code="a">&#x627;&#x644;&#x62D;&#x631;&#x628;&#x64A;&#x60C; &#x641;&#x627;&#x64A;&#x632; &#x628;&#x646; &#x645;&#x648;&#x633;&#x649;&#x60C;</subfield>
    <subfield code="d">1376 &#x647;&#x62C;&#x631;&#x64A;-</subfield>
    <subfield code="e">&#x645;&#x624;&#x644;&#x641;.</subfield>
  </datafield>
  <datafield tag="245" ind1="1" ind2="0">
    <subfield code="a">&#x646;&#x633;&#x628; &#x622;&#x644; &#x633;&#x639;&#x648;&#x62F; /</subfield>
    <subfield code="c">&#x641;&#x627;&#x626;&#x632; &#x628;&#x646; &#x645;&#x648;&#x633;&#x649; &#x627;&#x644;&#x628;&#x62F;&#x631;&#x627;&#x646;&#x64A;&#x60C; &#x631;&#x627;&#x634;&#x62F; &#x628;&#x646; &#x645;&#x62D;&#x645;&#x62F; &#x628;&#x646; &#x639;&#x633;&#x627;&#x643;&#x631;.</subfield>
  </datafield>
  <datafield tag="250" ind1=" " ind2=" ">
    <subfield code="a">&#x627;&#x644;&#x637;&#x628;&#x639;&#x629; &#x627;&#x644;&#x623;&#x648;&#x644;&#x649;.</subfield>
  </datafield>
  <datafield tag="264" ind1=" " ind2="1">
    <subfield code="a">&#x627;&#x644;&#x631;&#x64A;&#x627;&#x636; :</subfield>
    <subfield code="b">&#x62F;&#x627;&#x631;&#x629; &#x627;&#x644;&#x645;&#x644;&#x643; &#x639;&#x628;&#x62F; &#x627;&#x644;&#x639;&#x632;&#x64A;&#x632;&#x60C;</subfield>
    <subfield code="c">[2012]</subfield>
  </datafield>
  <datafield tag="300" ind1=" " ind2=" ">
    <subfield code="a">195 &#x635;&#x641;&#x62D;&#x629; :</subfield>
    <subfield code="b">&#x645;&#x62B;&#x644;&#x64A;&#x644;&#x627;&#x62A; &#x61B;</subfield>
    <subfield code="c">24 &#xD7; 17 &#x633;&#x645;.</subfield>
  </datafield>
  <datafield tag="336" ind1=" " ind2=" ">
    <subfield code="a">&#x646;&#x635;</subfield>
    <subfield code="b">txt</subfield>
    <subfield code="2">rdacontent</subfield>
    <subfield code="3">&#x643;&#x62A;&#x627;&#x628;</subfield>
  </datafield>
  <datafield tag="337" ind1=" " ind2=" ">
    <subfield code="a">&#x628;&#x62F;&#x648;&#x646; &#x648;&#x633;&#x64A;&#x637;</subfield>
    <subfield code="b">n</subfield>
    <subfield code="2">rdamedia</subfield>
  </datafield>
  <datafield tag="338" ind1=" " ind2=" ">
    <subfield code="a">&#x645;&#x62C;&#x644;&#x62F;</subfield>
    <subfield code="b">nc</subfield>
    <subfield code="2">rdacarrier</subfield>
  </datafield>
  <datafield tag="490" ind1="0" ind2=" ">
    <subfield code="a">&#x625;&#x635;&#x62F;&#x627;&#x631;&#x627;&#x62A; &#x62F;&#x627;&#x631;&#x629; &#x627;&#x644;&#x645;&#x644;&#x643; &#x639;&#x628;&#x62F; &#x627;&#x644;&#x639;&#x632;&#x64A;&#x632; &#x61B;</subfield>
    <subfield code="v">269</subfield>
  </datafield>
  <datafield tag="490" ind1="0" ind2=" ">
    <subfield code="a">&#x645;&#x631;&#x643;&#x632; &#x62A;&#x648;&#x62B;&#x64A;&#x642; &#x62A;&#x627;&#x631;&#x64A;&#x62E; &#x627;&#x644;&#x623;&#x633;&#x631;&#x629; &#x627;&#x644;&#x645;&#x627;&#x644;&#x643;&#x629; &#x61B;</subfield>
    <subfield code="v">2</subfield>
  </datafield>
  <datafield tag="500" ind1=" " ind2=" ">
    <subfield code="a">&#x645;&#x644;&#x627;&#x62D;&#x642; : &#x635;&#x641;&#x62D;&#x629; 127-134.</subfield>
  </datafield>
  <datafield tag="500" ind1=" " ind2=" ">
    <subfield code="a">&#x643;&#x634;&#x627;&#x641;&#x627;&#x62A; : &#x635;&#x641;&#x62D;&#x629; 165-174.</subfield>
  </datafield>
  <datafield tag="504" ind1=" " ind2=" ">
    <subfield code="a">&#x628;&#x628;&#x644;&#x64A;&#x648;&#x62C;&#x631;&#x627;&#x641;&#x64A;&#x629; : &#x635;&#x641;&#x62D;&#x629; 137-161.</subfield>
  </datafield>
  <datafield tag="520" ind1=" " ind2=" ">
    <subfield code="a">&#x635;&#x62F;&#x631; &#x639;&#x646; &#x62F;&#x627;&#x631;&#x629; &#x627;&#x644;&#x645;&#x644;&#x643; &#x639;&#x628;&#x62F;&#x627;&#x644;&#x639;&#x632;&#x64A;&#x632; &#x628;&#x627;&#x644;&#x631;&#x64A;&#x627;&#x636; &#x643;&#x62A;&#x627;&#x628; &#xAB;&#x646;&#x633;&#x628; &#x622;&#x644; &#x633;&#x639;&#x648;&#x62F;&#xBB;&#x60C; &#x644;&#x644;&#x645;&#x624;&#x644;&#x641;&#x64A;&#x646; &#x641;&#x627;&#x626;&#x632; &#x628;&#x646; &#x645;&#x648;&#x633;&#x649; &#x627;&#x644;&#x628;&#x62F;&#x631;&#x627;&#x646;&#x64A;&#x60C; &#x648;&#x631;&#x627;&#x634;&#x62F; &#x628;&#x646; &#x645;&#x62D;&#x645;&#x62F; &#x628;&#x646; &#x639;&#x633;&#x627;&#x643;&#x631;. &#x648;&#x64A;&#x641;&#x635;&#x651;&#x644; &#x627;&#x644;&#x643;&#x62A;&#x627;&#x628; &#x627;&#x644;&#x62D;&#x62F;&#x64A;&#x62B; &#x62D;&#x648;&#x644; &#x646;&#x633;&#x628; &#x622;&#x644; &#x633;&#x639;&#x648;&#x62F;&#x60C; &#x648;&#x64A;&#x634;&#x64A;&#x631; &#x625;&#x644;&#x649; &#x627;&#x62E;&#x62A;&#x644;&#x627;&#x641; &#x627;&#x644;&#x645;&#x635;&#x627;&#x62F;&#x631; &#x627;&#x644;&#x62A;&#x627;&#x631;&#x64A;&#x62E;&#x64A;&#x629; &#x641;&#x64A; &#x630;&#x643;&#x631; &#x646;&#x633;&#x628; &#x647;&#x630;&#x647; &#x627;&#x644;&#x623;&#x633;&#x631;&#x629; &#x627;&#x644;&#x643;&#x631;&#x64A;&#x645;&#x629;&#x60C; &#x641;&#x645;&#x646;&#x647;&#x627; &#x645;&#x635;&#x627;&#x62F;&#x631; &#x646;&#x633;&#x628;&#x647;&#x627; &#x625;&#x644;&#x649; &#x628;&#x646;&#x64A; &#x62D;&#x646;&#x64A;&#x641;&#x629; &#x645;&#x646; &#x628;&#x646;&#x64A; &#x628;&#x643;&#x631; &#x628;&#x646; &#x648;&#x627;&#x626;&#x644;&#x60C; &#x623;&#x648; &#x625;&#x644;&#x649; &#x648;&#x627;&#x626;&#x644; &#x645;&#x628;&#x627;&#x634;&#x631;&#x629;&#x60C; &#x623;&#x648; &#x625;&#x644;&#x649; &#x627;&#x644;&#x645;&#x635;&#x627;&#x644;&#x64A;&#x62E; &#x645;&#x646; &#x639;&#x646;&#x632;&#x629; &#x645;&#x628;&#x627;&#x634;&#x631;&#x629;&#x60C; &#x623;&#x648; &#x625;&#x644;&#x649; &#x63A;&#x64A;&#x631; &#x631;&#x628;&#x64A;&#x639;&#x629;. &#x648;&#x64A;&#x634;&#x64A;&#x631; &#x627;&#x644;&#x643;&#x62A;&#x627;&#x628; &#x625;&#x644;&#x649; &#x627;&#x644;&#x642;&#x648;&#x644; &#x627;&#x644;&#x631;&#x627;&#x62C;&#x62D; &#x641;&#x64A; &#x630;&#x644;&#x643;&#x60C; &#x648;&#x647;&#x648; &#x646;&#x633;&#x628;&#x629; &#x647;&#x630;&#x647; &#x627;&#x644;&#x623;&#x633;&#x631;&#x629; &#x625;&#x644;&#x649; &#x628;&#x646;&#x64A; &#x62D;&#x646;&#x64A;&#x641;&#x629; &#x645;&#x646; &#x628;&#x643;&#x631; &#x628;&#x646; &#x648;&#x627;&#x626;&#x644;&#x60C; &#x645;&#x624;&#x64A;&#x62F;&#x64B;&#x627; &#x647;&#x630;&#x627; &#x627;&#x644;&#x642;&#x648;&#x644; &#x628;&#x639;&#x62F;&#x62F; &#x643;&#x628;&#x64A;&#x631; &#x645;&#x646; &#x627;&#x644;&#x623;&#x62F;&#x644;&#x629; &#x627;&#x644;&#x642;&#x627;&#x637;&#x639;&#x629; &#x639;&#x644;&#x649; &#x630;&#x644;&#x643;.</subfield>
  </datafield>
  <datafield tag="600" ind1="3" ind2="7">
    <subfield code="a">&#x622;&#x644; &#x633;&#x639;&#x648;&#x62F;</subfield>
    <subfield code="x">&#x62A;&#x627;&#x631;&#x64A;&#x62E;</subfield>
    <subfield code="2">aucnm</subfield>
  </datafield>
  <datafield tag="650" ind1=" " ind2="7">
    <subfield code="a">&#x627;&#x644;&#x623;&#x646;&#x633;&#x627;&#x628; &#x627;&#x644;&#x639;&#x631;&#x628;&#x64A;&#x629;</subfield>
    <subfield code="z">&#x627;&#x644;&#x633;&#x639;&#x648;&#x62F;&#x64A;&#x629;</subfield>
    <subfield code="2">aucsh</subfield>
  </datafield>
  <datafield tag="651" ind1=" " ind2="7">
    <subfield code="a">&#x627;&#x644;&#x633;&#x639;&#x648;&#x62F;&#x64A;&#x629;</subfield>
    <subfield code="x">&#x645;&#x644;&#x648;&#x643; &#x648;&#x62D;&#x643;&#x627;&#x645;</subfield>
    <subfield code="2">aucsh</subfield>
  </datafield>
  <datafield tag="700" ind1="1" ind2=" ">
    <subfield code="a">&#x639;&#x633;&#x627;&#x643;&#x631;&#x60C; &#x631;&#x627;&#x634;&#x62F; &#x628;&#x646; &#x645;&#x62D;&#x645;&#x62F;</subfield>
    <subfield code="e">&#x645;&#x624;&#x644;&#x641;.</subfield>
  </datafield>
  <datafield tag="856" ind1="4" ind2=" ">
    <subfield code="u">http://10.0.0.80:1110/20-08-2013/Pub2/294%20(5).pdf</subfield>
  </datafield>
  <datafield tag="856" ind1="4" ind2="2">
    <subfield code="3">Book Cover</subfield>
    <subfield code="q">JPEG</subfield>
    <subfield code="u">https://library.ithra.com/bc/00000000358333.jpeg</subfield>
    <subfield code="z">&gt;CLICK_TO_VIEW_BOOK_COVER&gt;</subfield>
  </datafield>
  <datafield tag="856" ind1="4" ind2="2">
    <subfield code="3">Table of contents</subfield>
    <subfield code="q">PDF</subfield>
    <subfield code="u">https://library.ithra.com/pdf/.pdf</subfield>
    <subfield code="z">&gt;CLICK_TO_ACCESS_TOC&gt;</subfield>
  </datafield>
  <datafield tag="856" ind1="4" ind2=" ">
    <subfield code="u">http://10.0.0.80:1110/20-08-2013/Pub2/294%20(5).pdf</subfield>
  </datafield>
  <datafield tag="856" ind1="4" ind2=" ">
    <subfield code="u">http://10.0.0.80:1110/20-08-2013/Pub2/294%20(5).pdf</subfield>
  </datafield>
  <datafield tag="942" ind1=" " ind2=" ">
    <subfield code="2">ddc</subfield>
    <subfield code="c">BOOK</subfield>
    <subfield code="n">0</subfield>
  </datafield>
  <datafield tag="949" ind1=" " ind2=" ">
    <subfield code="a">SA-JeALM</subfield>
    <subfield code="d">250316</subfield>
    <subfield code="u">mohamedma123</subfield>
    <subfield code="n">1</subfield>
  </datafield>
  <datafield tag="952" ind1=" " ind2=" ">
    <subfield code="0">0</subfield>
    <subfield code="1">0</subfield>
    <subfield code="2">ddc</subfield>
    <subfield code="4">0</subfield>
    <subfield code="7">0</subfield>
    <subfield code="a">WAHAB</subfield>
    <subfield code="b">WAHAB</subfield>
    <subfield code="d">2025-03-18</subfield>
    <subfield code="l">0</subfield>
    <subfield code="o">929.709531 &#x62D; &#x631; &#x628;</subfield>
    <subfield code="p">000010937</subfield>
    <subfield code="r">2025-03-18 12:41:39</subfield>
    <subfield code="w">2025-03-18</subfield>
    <subfield code="y">BOOK</subfield>
  </datafield>
  <datafield tag="999" ind1=" " ind2=" ">
    <subfield code="c">6498</subfield>
    <subfield code="d">6498</subfield>
  </datafield>
</record>
